[Event "III Festival A"]
[Site "Ortisei - Sankt Ulrich in Groeden ITA"]
[Date "2016.06.05"]
[Round "3"]
[White "Gueci, Tea"]
[Black "Volkov, Dmitriy"]
[WhiteElo "2177"]
[BlackElo "2338"]
[Result "1/2-1/2"]
[PlyCount "92"]
[EventDate "2016.06.04"]

1. e4 c5 2. Nf3 Nc6 3. d4 cxd4 4. Nxd4 Nf6 5. Nc3 e5 6. Ndb5 d6 7. Bg5 a6 8.
Na3 b5 9. Nd5 Be7 10. Bxf6 Bxf6 11. c4 b4 12. Nc2 a5 13. Qf3 Bg5 14. h4 Bh6 15.
g4 Bf4 16. Nxf4 exf4 17. Qxf4 Ne5 18. Ne3 O-O 19. Be2 Be6 20. Rd1 a4 21. Qg3 b3
22. axb3 Qa5+ 23. Kf1 axb3 24. f4 Nc6 25. f5 Bc8 26. Qxd6 Bb7 27. Qf4 Qa2 28.
Rd2 Rfe8 29. Kf2 Nb4 30. Bf3 Rad8 31. Nd5 Bxd5 32. cxd5 Nc2 33. d6 f6 34. e5
Qa7+ 35. Kg3 fxe5 36. Qc4+ Kf8 37. Qxb3 Nd4 38. Qd5 Qb6 39. Qe4 Rxd6 40. Rf2
Nb3 41. f6 Rxf6 42. Qxh7 e4 43. Qh8+ Kf7 44. Qh5+ Kf8 45. Qh8+ Kf7 46. Qh5+ Kf8
1/2-1/2

[Event "III Festival A"]
[Site "Ortisei - Sankt Ulrich in Groeden ITA"]
[Date "2016.06.05"]
[Round "3"]
[White "Kindermann, Stefan"]
[Black "Seyb, Dieter"]
[WhiteElo "2515"]
[BlackElo "2265"]
[Result "1-0"]
[PlyCount "48"]
[EventDate "2016.06.04"]

1. d4 e6 2. e4 d5 3. Nd2 dxe4 4. Nxe4 Bd7 5. Nf3 Bc6 6. Bd3 Nd7 7. O-O Ngf6 8.
Ned2 Be7 9. c3 O-O 10. Re1 b6 11. Nc4 Bb7 12. Bf4 c5 13. a3 cxd4 14. cxd4 Nd5
15. Bg3 Ba6 16. Qa4 Bxc4 17. Bxc4 a6 18. Bxd5 exd5 19. Qc6 Ra7 20. Qxd5 Nf6 21.
Qc6 Nd5 22. Rac1 Bg5 23. Nxg5 Qxg5 24. Re5 Raa8 1-0

[Event "III Festival A"]
[Site "Ortisei - Sankt Ulrich in Groeden ITA"]
[Date "2016.06.05"]
[Round "3"]
[White "Krulich, Roman"]
[Black "Bjerre, Jonas"]
[WhiteElo "2215"]
[BlackElo "2410"]
[Result "0-1"]
[PlyCount "96"]
[EventDate "2016.06.04"]

1. e4 c5 2. c3 Nf6 3. e5 Nd5 4. d4 cxd4 5. cxd4 d6 6. Nf3 e6 7. Bc4 Nc6 8. O-O
Be7 9. Qe2 O-O 10. Nc3 Nxc3 11. bxc3 dxe5 12. dxe5 Qa5 13. Bd2 Rd8 14. Rfe1 b6
15. h4 Bb7 16. Qe4 Qa4 17. Bd3 Qxe4 18. Bxe4 Na5 19. Bxb7 Nxb7 20. Be3 Rac8 21.
Bd4 Nc5 22. g3 Na4 23. Re3 Ba3 24. Rd1 Rxc3 25. Rxc3 Nxc3 26. Rd3 Nb5 27. Rb3
Nxd4 28. Nxd4 Bc5 29. Nf3 Rd1+ 30. Kg2 a5 31. Rb2 Kf8 32. Rc2 Rd5 33. Re2 b5
34. Nd2 a4 35. f4 Ke8 36. Ne4 Be7 37. Rb2 b4 38. Kf3 f5 39. exf6 gxf6 40. Ke3
Kd7 41. g4 f5 42. gxf5 exf5 43. Ng5 Bc5+ 44. Ke2 Rd4 45. Kf3 Bd6 46. Nh3 Rd3+
47. Kg2 b3 48. Nf2 a3 0-1

[Event "III Festival A"]
[Site "Ortisei - Sankt Ulrich in Groeden ITA"]
[Date "2016.06.05"]
[Round "3"]
[White "Ledger, Andrew J"]
[Black "Seresin, Francesco"]
[WhiteElo "2380"]
[BlackElo "2215"]
[Result "1-0"]
[PlyCount "49"]
[EventDate "2016.06.04"]

1. d4 f5 2. Nc3 d5 3. Bf4 c6 4. e3 Nf6 5. Nf3 e6 6. Bd3 Be7 7. O-O O-O 8. Ne2
Ne4 9. c4 Nd7 10. h3 Qe8 11. Bh2 Kh8 12. Rc1 g5 13. Ne5 Bf6 14. f3 Bxe5 15.
dxe5 Nec5 16. Bb1 b6 17. b4 Nb7 18. cxd5 cxd5 19. Nd4 a5 20. a3 axb4 21. axb4
Nb8 22. g4 fxg4 23. Qc2 Qe7 24. fxg4 Nd7 25. Nxe6 1-0

[Event "III Festival A"]
[Site "Ortisei - Sankt Ulrich in Groeden ITA"]
[Date "2016.06.05"]
[Round "3"]
[White "Nabaty, Tamir"]
[Black "Kristensen, Kaare Hove"]
[WhiteElo "2610"]
[BlackElo "2367"]
[Result "1-0"]
[PlyCount "57"]
[EventDate "2016.06.04"]

1. Nf3 c5 2. c4 Nf6 3. g3 d5 4. Bg2 Nc6 5. O-O d4 6. b4 Nxb4 7. e3 dxe3 8. fxe3
Nd3 9. Nc3 e6 10. Ba3 Be7 11. Rb1 O-O 12. Rb3 b6 13. Ng5 Rb8 14. Qc2 h6 15.
Nce4 Nxe4 16. Rxd3 Qxd3 17. Qxd3 Nxg5 18. Bb2 Rd8 19. Qe2 Bb7 20. Bxb7 Rxb7 21.
h4 Rbd7 22. hxg5 Rxd2 23. Qf3 Rf8 24. Bf6 Bxf6 25. gxf6 g6 26. Rf2 Rd7 27. Rh2
Rfd8 28. Rxh6 Rd2 29. Rh2 1-0

[Event "III Festival A"]
[Site "Ortisei - Sankt Ulrich in Groeden ITA"]
[Date "2016.06.05"]
[Round "3"]
[White "Nisipeanu, Liviu-Dieter"]
[Black "Lodici, Lorenzo"]
[WhiteElo "2668"]
[BlackElo "2379"]
[Result "1-0"]
[PlyCount "95"]
[EventDate "2016.06.04"]

1. e4 e5 2. Nf3 Nc6 3. Bc4 Nf6 4. Ng5 d5 5. exd5 Na5 6. Bb5+ c6 7. dxc6 bxc6 8.
Bd3 h6 9. Ne4 Nd5 10. Ng3 g6 11. O-O Bg7 12. Be2 O-O 13. d3 Rb8 14. Nd2 f5 15.
Nb3 Be6 16. d4 Nxb3 17. axb3 exd4 18. Rxa7 Qb6 19. Ra6 Qc7 20. Bc4 Bf7 21. Bd2
Qd7 22. Qf3 Ra8 23. Rxa8 Rxa8 24. h4 h5 25. Ne2 Ra2 26. Qd3 Qa7 27. c3 c5 28.
b4 Rxb2 29. Bc1 Rxe2 30. Qxe2 Nxc3 31. Qe8+ Bf8 32. Bh6 Qe7 33. Bxf7+ Qxf7 34.
Qxf8+ Qxf8 35. Bxf8 Kxf8 36. bxc5 Ke7 37. Re1+ Kd7 38. Kf1 Ne4 39. Rd1 Nxc5 40.
Rxd4+ Ke7 41. Ke2 Ne6 42. Ra4 Kf6 43. Ke3 Ke5 44. Ra5+ Kd6 45. Ra6+ Ke7 46.
Rxe6+ Kxe6 47. Kf4 Kf6 48. f3 1-0

[Event "III Festival A"]
[Site "Ortisei - Sankt Ulrich in Groeden ITA"]
[Date "2016.06.05"]
[Round "3"]
[White "Paulet, Iozefina"]
[Black "Herzog, Adolf"]
[WhiteElo "2187"]
[BlackElo "2358"]
[Result "1/2-1/2"]
[PlyCount "104"]
[EventDate "2016.06.04"]

1. e4 e6 2. d4 d5 3. Nc3 Bb4 4. e5 c5 5. a3 Bxc3+ 6. bxc3 Ne7 7. Qg4 cxd4 8.
Qxg7 Rg8 9. Qxh7 Qc7 10. Ne2 Nbc6 11. f4 dxc3 12. h4 Bd7 13. h5 O-O-O 14. Qd3
d4 15. h6 Rg6 16. h7 Rh8 17. Nxd4 Nxd4 18. Qxd4 Nf5 19. Qxa7 Bc6 20. Rh3 Ng3
21. Rxg3 Rxg3 22. Be3 b5 23. Bd3 Qxa7 24. Bxa7 Rxg2 25. Bc5 Bf3 26. Rb1 Bc6 27.
Rb3 Kd7 28. Rxc3 Rg3 29. Bf2 Rf3 30. a4 bxa4 31. Rc5 Rxf4 32. Ra5 Kc7 33. Be3
Rg4 34. Ra7+ Bb7 35. c4 Rg3 36. Ke2 Rg2+ 37. Bf2 Rh2 38. Be4 Rb8 39. c5 Kc8 40.
c6 Bxc6 41. Bxc6 Rb2+ 42. Ke3 Rh3+ 43. Bf3 Rb3+ 44. Ke2 Rb2+ 45. Kf1 Rxh7 46.
Rxa4 Rh2 47. Rc4+ Kd8 48. Be1 Rb1 49. Re4 Ra2 50. Be2 Raa1 51. Bh5 Ke7 52. Kf2
Rxe1 1/2-1/2

[Event "III Festival A"]
[Site "Ortisei - Sankt Ulrich in Groeden ITA"]
[Date "2016.06.05"]
[Round "3"]
[White "Pijpers, Arthur"]
[Black "Cunningham, Robin"]
[WhiteElo "2471"]
[BlackElo "2248"]
[Result "1-0"]
[PlyCount "55"]
[EventDate "2016.06.04"]

1. e4 c6 2. d4 d5 3. e5 Bf5 4. Nf3 e6 5. Be2 c5 6. Be3 cxd4 7. Nxd4 Ne7 8. Nd2
Nbc6 9. N2f3 Be4 10. O-O Ng6 11. Bb5 Qc7 12. Ng5 Ngxe5 13. c4 a6 14. Ba4 Qd7
15. Bf4 Nd3 16. cxd5 Qxd5 17. Nxc6 bxc6 18. Nxe4 Qxe4 19. Qc2 Rc8 20. Be3 Nc5
21. Qxe4 Nxe4 22. Rac1 Kd7 23. Rfd1+ Nd6 24. Bc5 Be7 25. Rxd6+ Bxd6 26. Rd1
Rhd8 27. Rxd6+ Ke8 28. Rxc6 1-0

[Event "III Festival A"]
[Site "Ortisei - Sankt Ulrich in Groeden ITA"]
[Date "2016.06.05"]
[Round "3"]
[White "Singer, Christoph"]
[Black "Bogner, Sebastian"]
[WhiteElo "2355"]
[BlackElo "2527"]
[Result "0-1"]
[PlyCount "84"]
[EventDate "2016.06.04"]

1. e4 c5 2. Nf3 d6 3. Bb5+ Nd7 4. O-O a6 5. Bd3 Ngf6 6. Re1 b5 7. c3 Bb7 8. Bc2
c4 9. b3 e5 10. bxc4 bxc4 11. Na3 Rc8 12. Rb1 Ba8 13. d4 cxd3 14. Bxd3 Nc5 15.
Bg5 Be7 16. Bxf6 Bxf6 17. Nc4 Rb8 18. Bc2 Be7 19. Ba4+ Kf8 20. Bc2 g6 21. Qe2
Kg7 22. Rxb8 Qxb8 23. Rb1 Qc7 24. Nb6 Bc6 25. Nd5 Bxd5 26. exd5 Rb8 27. Rb4 Rb6
28. Qc4 a5 29. Rb5 Qb7 30. a4 Rxb5 31. axb5 Qa7 32. Bb1 a4 33. Kf1 f5 34. Ne1
Bg5 35. h4 Bd8 36. f3 Nb3 37. Ke2 f4 38. Qe4 Bxh4 39. g3 Bxg3 40. Nd3 Qg1 41.
Nb4 Qf2+ 42. Kd3 Qd2+ 0-1

[Event "III Festival A"]
[Site "Ortisei - Sankt Ulrich in Groeden ITA"]
[Date "2016.06.05"]
[Round "3"]
[White "Sprenger, Jan Michael"]
[Black "Ruecker, Benjamin"]
[WhiteElo "2506"]
[BlackElo "2229"]
[Result "1-0"]
[PlyCount "97"]
[EventDate "2016.06.04"]

1. e4 c5 2. Nf3 e6 3. d4 cxd4 4. Nxd4 Nc6 5. Nc3 Qc7 6. Qd3 a6 7. Nxc6 dxc6 8.
Qg3 Qxg3 9. hxg3 b5 10. e5 Bb7 11. Bd3 f5 12. exf6 Nxf6 13. Bg6+ Kd7 14. Bf4
Bb4 15. O-O-O+ Ke7 16. Bh5 Rad8 17. Bf3 Rxd1+ 18. Nxd1 Bd6 19. Bd2 Rb8 20. Ne3
c5 21. c4 Bxf3 22. gxf3 Be5 23. Kc2 Kf7 24. Bc3 Bxc3 25. Kxc3 b4+ 26. Kb3 h5
27. f4 g6 28. Rd1 Ke7 29. f3 Nd7 30. Re1 Kd6 31. Kc2 Rf8 32. Ng2 Nb8 33. Re5
Rf5 34. Nh4 Rxe5 35. fxe5+ Kxe5 36. Nxg6+ Kf5 37. Nh4+ Kf6 38. Kd3 Nc6 39. Ke4
Ne5 40. b3 Nf7 41. Ng2 Nd6+ 42. Kd3 Nf5 43. g4 hxg4 44. fxg4 Nh6 45. Ne3 Kg5
46. Ke4 Nf7 47. Nd1 Kf6 48. Nf2 Ke7 49. Kf4 1-0

[Event "III Festival A"]
[Site "Ortisei - Sankt Ulrich in Groeden ITA"]
[Date "2016.06.05"]
[Round "3"]
[White "Terao, Juliana Sayumi"]
[Black "Prasanna, Raghuram Rao"]
[WhiteElo "2228"]
[BlackElo "2466"]
[Result "0-1"]
[PlyCount "42"]
[EventDate "2016.06.04"]

1. e4 e5 2. Nf3 Nc6 3. Bb5 a6 4. Ba4 Nge7 5. O-O g6 6. c3 Bg7 7. d4 exd4 8.
cxd4 b5 9. Bb3 O-O 10. h3 d6 11. Nc3 Bb7 12. Nb1 Bc8 13. Nc3 Bb7 14. Bf4 Na5
15. Bc2 Rc8 16. Rc1 c5 17. Bb1 cxd4 18. Nxd4 Nc4 19. b3 Na3 20. f3 Nxb1 21.
Nxb1 Qb6 0-1

[Event "III Festival A"]
[Site "Ortisei - Sankt Ulrich in Groeden ITA"]
[Date "2016.06.05"]
[Round "3"]
[White "Zucchelli, Massimo"]
[Black "Spornberger, Andre"]
[WhiteElo "2145"]
[BlackElo "2307"]
[Result "0-1"]
[PlyCount "104"]
[EventDate "2016.06.04"]

1. d4 e6 2. Nf3 d5 3. c4 f5 4. Bf4 Nf6 5. e3 c6 6. Nbd2 Bd6 7. Bxd6 Qxd6 8. Be2
O-O 9. Qc2 Ne4 10. O-O Nd7 11. Rac1 Ndf6 12. Ne5 Nxd2 13. Qxd2 Nd7 14. Nxd7
Bxd7 15. c5 Qe7 16. f4 g5 17. g3 Kh8 18. b4 Rg8 19. Rf2 Raf8 20. Rb1 a6 21. a4
Be8 22. Qd1 Rf6 23. b5 axb5 24. axb5 Qf7 25. bxc6 bxc6 26. Ba6 h5 27. fxg5 Rxg5
28. Rb7 Qg8 29. Rf4 Rh6 30. Be2 h4 31. g4 fxg4 32. Bxg4 Bh5 33. h3 Rhg6 34. Qb1
Bxg4 35. hxg4 Rxg4+ 36. Rxg4 Rxg4+ 37. Kh2 Rg2+ 38. Kh1 Rf2 39. Qg1 Qxg1+ 40.
Kxg1 Re2 41. Rc7 Rxe3 42. Rxc6 Kg7 43. Rc8 Kf6 44. Rh8 Kg5 45. c6 Rc3 46. Rc8
Kf5 47. c7 Ke4 48. Re8 Rxc7 49. Rxe6+ Kxd4 50. Rh6 Rf7 51. Rxh4+ Kc3 52. Rh3+
Kc4 0-1

[Event "III Festival A"]
[Site "Ortisei - Sankt Ulrich in Groeden ITA"]
[Date "2016.06.06"]
[Round "4"]
[White "Bernardi, Ruben"]
[Black "Blohberger, Felix"]
[WhiteElo "2189"]
[BlackElo "2300"]
[Result "0-1"]
[PlyCount "100"]
[EventDate "2016.06.04"]

1. e4 e5 2. Nf3 d6 3. Nc3 Nf6 4. g3 Be7 5. Bg2 O-O 6. d4 exd4 7. Nxd4 Re8 8.
O-O Bf8 9. h3 c6 10. Re1 g6 11. Bg5 Nbd7 12. Qd2 Bg7 13. Rad1 Ne5 14. b3 Qb6
15. f4 Ned7 16. Kh2 Nc5 17. f5 Nfd7 18. a3 a5 19. Rf1 Be5 20. Qf2 f6 21. Be3
Nf8 22. Nb1 Qc7 23. Nd2 g5 24. N4f3 Nfd7 25. Nxe5 Nxe5 26. Bxc5 dxc5 27. Qxc5
b6 28. Qf2 Ba6 29. Rfe1 Rad8 30. Nf3 c5 31. Nxe5 Qxe5 32. Rd2 Rd4 33. c3 Rd6
34. Red1 Red8 35. Qe3 Kf7 36. Bf3 Ke7 37. Kg2 Rxd2+ 38. Rxd2 Rxd2+ 39. Qxd2 Qd6
40. Qd5 Qxd5 41. exd5 Bd3 42. c4 a4 43. bxa4 Bxc4 44. Kf2 Kd6 45. Ke3 Bxd5 46.
Bd1 Ke5 47. h4 gxh4 48. gxh4 Be4 49. Kd2 Bxf5 50. Kc3 Be6 0-1

[Event "III Festival A"]
[Site "Ortisei - Sankt Ulrich in Groeden ITA"]
[Date "2016.06.06"]
[Round "4"]
[White "Bjerre, Jonas"]
[Black "Kindermann, Stefan"]
[WhiteElo "2410"]
[BlackElo "2515"]
[Result "1/2-1/2"]
[PlyCount "34"]
[EventDate "2016.06.04"]

1. e4 e6 2. d4 d5 3. Nd2 h6 4. Bd3 c5 5. dxc5 Bxc5 6. Ngf3 Nc6 7. a3 a5 8. O-O
Nge7 9. exd5 exd5 10. c3 O-O 11. h3 Bf5 12. Nb3 Bb6 13. Bxf5 Nxf5 14. Qd3 Ng3
15. Re1 Ne4 16. Be3 Bxe3 17. Qxe3 a4 1/2-1/2

[Event "III Festival A"]
[Site "Ortisei - Sankt Ulrich in Groeden ITA"]
[Date "2016.06.06"]
[Round "4"]
[White "Bogner, Sebastian"]
[Black "Nisipeanu, Liviu-Dieter"]
[WhiteElo "2527"]
[BlackElo "2668"]
[Result "1/2-1/2"]
[PlyCount "83"]
[EventDate "2016.06.04"]

1. d4 Nf6 2. c4 g6 3. Nc3 Bg7 4. e4 d6 5. Nf3 O-O 6. Be2 e5 7. O-O Na6 8. Be3
Ng4 9. Bg5 f6 10. Bh4 c6 11. c5 exd4 12. Nxd4 dxc5 13. Qb3+ Kh8 14. Ne6 Bxe6
15. Qxe6 Ne5 16. Bxa6 bxa6 17. Rad1 Qb6 18. f4 Rae8 19. Qh3 g5 20. fxe5 gxh4
21. e6 c4+ 22. Kh1 Qxb2 23. e5 f5 24. Rxf5 Rxf5 25. Qxf5 Qxc3 26. Qh5 Rg8 27.
e7 Qc2 28. e8=Q Qxd1+ 29. Qxd1 Rxe8 30. Qd4 Bxe5 31. Qxc4 Rf8 32. g4 hxg3 33.
hxg3 Rg8 34. g4 Rg6 35. Qf7 Bd4 36. Qe8+ Rg8 37. Qd7 c5 38. Qxa7 Rg6 39. Kh2
Kg8 40. Kh3 h6 41. Qd7 Rf6 42. Kh4 1/2-1/2

[Event "III Festival A"]
[Site "Ortisei - Sankt Ulrich in Groeden ITA"]
[Date "2016.06.06"]
[Round "4"]
[White "Castellanos Rodriguez, Renier"]
[Black "Codenotti, Marco"]
[WhiteElo "2484"]
[BlackElo "2451"]
[Result "1/2-1/2"]
[PlyCount "29"]
[EventDate "2016.06.04"]

1. e4 c5 2. Nf3 d6 3. d4 cxd4 4. Qxd4 Nf6 5. Bb5+ Bd7 6. c4 Bxb5 7. cxb5 Nbd7
8. Nc3 g6 9. O-O Bg7 10. h3 O-O 11. Qe3 e6 12. Rd1 Nb6 13. Qe2 d5 14. Be3 Re8
15. Bd4 1/2-1/2

[Event "III Festival A"]
[Site "Ortisei - Sankt Ulrich in Groeden ITA"]
[Date "2016.06.06"]
[Round "4"]
[White "Enkhtuul, Altan-Ulzii"]
[Black "Ledger, Andrew J"]
[WhiteElo "2258"]
[BlackElo "2380"]
[Result "1/2-1/2"]
[PlyCount "82"]
[EventDate "2016.06.04"]

1. d4 Nf6 2. Nf3 e6 3. c4 Bb4+ 4. Bd2 c5 5. a3 Bxd2+ 6. Nbxd2 cxd4 7. Nxd4 O-O
8. e3 d5 9. cxd5 Nxd5 10. N2f3 e5 11. Nb3 Nc6 12. Be2 Be6 13. Nbd2 Qe7 14. O-O
Rfd8 15. Qb1 Nb6 16. Rd1 h6 17. Bb5 Bg4 18. Bxc6 bxc6 19. Qc2 Rac8 20. h3 Bh5
21. Qf5 Bg6 22. Qg4 Bc2 23. Rdc1 Bd3 24. Qg3 e4 25. Ne5 c5 26. a4 Rd5 27. Nec4
Qe6 28. Qg4 f5 29. Qg3 Rcd8 30. b3 Qf6 31. Qc7 R8d7 32. Qb8+ Kh7 33. a5 Nxc4
34. Nxc4 Bxc4 35. bxc4 R5d6 36. Qc8 Qe5 37. Rab1 Rd2 38. Rf1 Rd8 39. Qc6 R2d6
40. Qc7 R8d7 41. Qc8 Rd8 1/2-1/2

[Event "III Festival A"]
[Site "Ortisei - Sankt Ulrich in Groeden ITA"]
[Date "2016.06.06"]
[Round "4"]
[White "Herzog, Adolf"]
[Black "Krulich, Roman"]
[WhiteElo "2358"]
[BlackElo "2215"]
[Result "1/2-1/2"]
[PlyCount "261"]
[EventDate "2016.06.04"]

1. f4 d5 2. Nf3 g6 3. g3 Bg7 4. Bg2 c6 5. c3 Nf6 6. d3 O-O 7. O-O Nbd7 8. Na3
Qb6+ 9. Kh1 Ng4 10. Nc2 e5 11. fxe5 Ndxe5 12. d4 Nc4 13. h3 Nf6 14. b3 Nd6 15.
Ne5 Nfe4 16. Qe1 f6 17. Nd3 Qc7 18. Kh2 g5 19. Rf3 b6 20. Ne3 Bd7 21. Ba3 Rf7
22. c4 dxc4 23. bxc4 Re8 24. c5 Nb5 25. Bb2 f5 26. cxb6 axb6 27. Ne5 Rff8 28.
N3c4 Be6 29. Qb4 Nxd4 30. Bxd4 c5 31. Qxb6 Qxb6 32. Nxb6 cxd4 33. Nd3 Rb8 34.
Na4 Ra8 35. Nab2 Rxa2 36. Rxa2 Bxa2 37. Rf1 Nc3 38. Re1 Re8 39. Bf3 h6 40. Kg1
Kh7 41. Kf1 Kg6 42. Nb4 Bf7 43. N2d3 Ne4 44. g4 Nd2+ 45. Kf2 Nxf3 46. exf3 Rxe1
47. Nxe1 h5 48. Nc6 fxg4 49. fxg4 hxg4 50. hxg4 Be6 51. Nf3 Bxg4 52. Ncxd4 Bd7
53. Ne2 Kh5 54. Ng3+ Kg6 55. Ne4 g4 56. Nh4+ Kh5 57. Ng2 Bd4+ 58. Kg3 Be5+ 59.
Kf2 Bc6 60. Ng3+ Kg5 61. Nf1 Bd4+ 62. Kg3 Be5+ 63. Kf2 Bd6 64. Nge3 Bc5 65. Kg3
Bd6+ 66. Kf2 Kf4 67. Ng2+ Kg5 68. Nge3 Be4 69. Ng3 Bg6 70. Kg2 Bc5 71. Ngf1
Be4+ 72. Kg3 Bd6+ 73. Kf2 Kh4 74. Nxg4 Kxg4 75. Ne3+ Kf4 76. Ng2+ Kg4 77. Ne3+
Kh3 78. Nf1 Bc5+ 79. Ne3 Kh2 80. Ke2 Kg3 81. Nf1+ Kf4 82. Nd2 Bd5 83. Kd3 Ke5
84. Nc4+ Kf4 85. Nd2 Be6 86. Nc4 Bf5+ 87. Kc3 Ke4 88. Nd2+ Kd5 89. Nb3 Bb6 90.
Kb4 Bd3 91. Kc3 Bb5 92. Kb4 Bc6 93. Kc3 Ke4 94. Nd2+ Kd5 95. Nb3 Bb5 96. Kb4
Ba6 97. Kc3 Ke4 98. Nd2+ Kd5 99. Nb3 Bd8 100. Kc2 Bg5 101. Nd2 Bc8 102. Kc3 Bf5
103. Nb3 Bf6+ 104. Kb4 Bh4 105. Kc3 Be1+ 106. Kb2 Kc4 107. Nc1 Bc3+ 108. Ka2
Bc2 109. Ka3 Be5 110. Na2 Bd1 111. Nc1 Bd6+ 112. Kb2 Be5+ 113. Ka3 Bf4 114. Na2
Bb3 115. Kb2 Be5+ 116. Ka3 Bc2 117. Nc1 Bc3 118. Na2 Bd4 119. Nc1 Be3 120. Kb2
Bd1 121. Na2 Bd2 122. Ka3 Bb3 123. Kb2 Bd1 124. Ka3 Kd3 125. Nb4+ Kc4 126. Na2
Bf3 127. Kb2 Be4 128. Ka3 Bd5 129. Kb2 Kd3 130. Nc1+ Kc4 131. Ka3 1/2-1/2

[Event "III Festival A"]
[Site "Ortisei - Sankt Ulrich in Groeden ITA"]
[Date "2016.06.06"]
[Round "4"]
[White "Kristensen, Kaare Hove"]
[Black "Boehm, Martin"]
[WhiteElo "2367"]
[BlackElo "2234"]
[Result "1-0"]
[PlyCount "67"]
[EventDate "2016.06.04"]

1. e4 c5 2. Nf3 Nc6 3. d4 cxd4 4. Nxd4 e5 5. Nb5 a6 6. Nd6+ Bxd6 7. Qxd6 Qf6 8.
Qc7 Qg6 9. Nc3 Nf6 10. Qd6 b5 11. Be3 b4 12. Nd5 Nxd5 13. Qxd5 O-O 14. O-O-O
Bb7 15. f3 Qe6 16. Qxd7 Qxa2 17. Qxb7 Rfc8 18. Kd2 Qxb2 19. Bd3 Rab8 20. Qxa6
Ra8 21. Qb5 Na5 22. Ke2 b3 23. Rd2 Qa3 24. cxb3 Nxb3 25. Rc2 Rxc2+ 26. Bxc2
Nd4+ 27. Bxd4 exd4 28. Rb1 Qe3+ 29. Kf1 g6 30. Qd3 Qf4 31. Kg1 Qd6 32. Rd1 Rc8
33. Bb3 Qb6 34. Bd5 1-0

[Event "III Festival A"]
[Site "Ortisei - Sankt Ulrich in Groeden ITA"]
[Date "2016.06.06"]
[Round "4"]
[White "Lodici, Lorenzo"]
[Black "Corvi, Marco"]
[WhiteElo "2379"]
[BlackElo "2305"]
[Result "1/2-1/2"]
[PlyCount "132"]
[EventDate "2016.06.04"]

1. d4 f5 2. e4 fxe4 3. Nc3 Nf6 4. Bg5 c6 5. f3 Qa5 6. Qd2 e5 7. Bxf6 gxf6 8.
fxe4 Bb4 9. Nf3 d5 10. dxe5 fxe5 11. Nxe5 Nd7 12. Nf3 Nf6 13. exd5 O-O 14. Bd3
Re8+ 15. Kd1 Bg4 16. Rf1 Kh8 17. h3 Nxd5 18. Qh6 Ne3+ 19. Kd2 Bf5 20. Qf6+ Kg8
21. Nd4 Bxc3+ 22. bxc3 Nd5 23. Qg5+ Bg6 24. Nb5 Nxc3 25. Bc4+ Nd5+ 26. c3 Rad8
27. Rae1 Rxe1 28. Kxe1 a6 29. Bxd5+ cxd5 30. Rf6 Re8+ 31. Kf2 Qxa2+ 32. Kg3 Qc2
33. Nd6 Qxc3+ 34. Kh4 Qb4+ 35. Kg3 Qe1+ 36. Kh2 Qe5+ 37. Qxe5 Rxe5 38. Nxb7 Re2
39. Rxa6 Be4 40. Kg3 Rxg2+ 41. Kf4 Rf2+ 42. Kg3 Rg2+ 43. Kf4 Rf2+ 44. Kg3 Rf3+
45. Kg4 Rf8 46. Nd6 Bf3+ 47. Kg3 d4 48. Ra2 Bd5 49. Rf2 Rd8 50. Nf5 Be4 51. Rf4
Bxf5 52. Rxf5 Kg7 53. Kf2 Kg6 54. Ra5 Rf8+ 55. Kg3 Rf5 56. Ra6+ Rf6 57. Rxf6+
Kxf6 58. Kf4 d3 59. Ke3 Kg5 60. Kxd3 Kh4 61. Ke2 Kxh3 62. Kf2 h5 63. Kg1 h4 64.
Kh1 Kg3 65. Kg1 h3 66. Kh1 h2 1/2-1/2

[Event "III Festival A"]
[Site "Ortisei - Sankt Ulrich in Groeden ITA"]
[Date "2016.06.06"]
[Round "4"]
[White "Manfredi, Vincenzo"]
[Black "Gaehwiler, Gabriel"]
[WhiteElo "2258"]
[BlackElo "2363"]
[Result "0-1"]
[PlyCount "80"]
[EventDate "2016.06.04"]

1. d4 Nf6 2. c4 g6 3. Nc3 Bg7 4. e4 d6 5. Nge2 O-O 6. Ng3 Nc6 7. d5 Ne5 8. Be2
c6 9. f4 Ned7 10. Be3 cxd5 11. exd5 h5 12. O-O Nc5 13. Bd4 a5 14. Qd2 h4 15.
Nh1 h3 16. Ng3 hxg2 17. Kxg2 e6 18. dxe6 Bxe6 19. f5 Bd7 20. Rad1 Bc6+ 21. Kg1
Qe7 22. Rde1 Nfe4 23. Qe3 Qg5 24. Ncxe4 Nxe4 25. Rf3 Bxd4 26. Qxd4 Nxg3 27.
Rxg3 Qxf5 28. Bg4 Qc5 29. Qxc5 dxc5 30. Re5 Rfe8 31. Rxc5 Rad8 32. Bf3 Rd2 33.
Kf1 Rxb2 34. Bxc6 bxc6 35. Rxa5 Ree2 36. Rh3 Rec2 37. Re5 Rxa2 38. Rh4 Ra4 39.
Ree4 Kg7 40. h3 g5 0-1

[Event "III Festival A"]
[Site "Ortisei - Sankt Ulrich in Groeden ITA"]
[Date "2016.06.06"]
[Round "4"]
[White "Markus, Robert"]
[Black "Prasanna, Raghuram Rao"]
[WhiteElo "2662"]
[BlackElo "2466"]
[Result "1-0"]
[PlyCount "95"]
[EventDate "2016.06.04"]

1. Nf3 Nf6 2. g3 d5 3. Bg2 c6 4. d3 Bg4 5. O-O Nbd7 6. h3 Bh5 7. Qe1 e5 8. e4
dxe4 9. dxe4 Bc5 10. a4 O-O 11. Na3 Re8 12. Nh4 Qc7 13. Kh1 Rad8 14. b4 Bf8 15.
Be3 c5 16. b5 c4 17. g4 Bg6 18. Nxg6 hxg6 19. Qe2 Rc8 20. Rfd1 Red8 21. Bf3
Bxa3 22. Rxa3 Nc5 23. Rxd8+ Qxd8 24. Qxc4 Ne6 25. Qd3 Qc7 26. a5 b6 27. axb6
axb6 28. g5 Nd7 29. Qd5 Ndf8 30. Ra8 Rxa8 31. Qxa8 Nd4 32. Bg4 Qxc2 33. Qd5
Nfe6 34. Qxe5 Qc4 35. Kg2 Nc2 36. Bxb6 Ne1+ 37. Kg1 Nd3 38. Qb8+ Kh7 39. Be3
Qxe4 40. Qg3 Ndf4 41. b6 Nd5 42. Kh2 Qb4 43. Bxe6 fxe6 44. Bc5 Qb1 45. Qh4+ Kg8
46. Qg4 Kf7 47. Qf3+ Ke8 48. Qf8+ 1-0

[Event "III Festival A"]
[Site "Ortisei - Sankt Ulrich in Groeden ITA"]
[Date "2016.06.06"]
[Round "4"]
[White "Martinez, Ayelen"]
[Black "Pijpers, Arthur"]
[WhiteElo "2146"]
[BlackElo "2471"]
[Result "0-1"]
[PlyCount "97"]
[EventDate "2016.06.04"]

1. e4 e6 2. d4 d5 3. Nc3 Nf6 4. e5 Nfd7 5. f4 c5 6. Nf3 Nc6 7. Be3 Be7 8. Qd2
O-O 9. Bd3 f6 10. Nd1 cxd4 11. Nxd4 Nc5 12. Nf2 fxe5 13. Nxc6 bxc6 14. fxe5 Nd7
15. Bf4 Rb8 16. O-O Rxb2 17. Qe3 Nc5 18. Qg3 Bh4 19. Qg4 Bxf2+ 20. Rxf2 Nxd3
21. Bh6 Rb7 22. Rxf8+ Kxf8 23. Rf1+ Kg8 24. cxd3 c5 25. h4 Qe8 26. Kh2 d4 27.
Rb1 Qf7 28. Rc1 Rb2 29. Rf1 Qg6 30. Qf3 Qf5 31. Qg3 Qg6 32. Qf3 Qe8 33. Bxg7
Bb7 34. Qf8+ Qxf8 35. Bxf8 Rxg2+ 36. Kh3 Re2 37. Rf6 Rxe5 38. Bh6 Rf5 39. Rxe6
Kf7 40. Re1 Ba6 41. Bg5 Bxd3 42. Re7+ Kf8 43. Rxa7 c4 44. Ra8+ Kf7 45. Rd8 Rxg5
46. hxg5 c3 47. Rxd4 c2 48. Rd7+ Ke6 49. Rxd3 0-1

[Event "III Festival A"]
[Site "Ortisei - Sankt Ulrich in Groeden ITA"]
[Date "2016.06.06"]
[Round "4"]
[White "Nelson, Jonathan P"]
[Black "Bertagnolli, Alexander"]
[WhiteElo "2183"]
[BlackElo "2376"]
[Result "1/2-1/2"]
[PlyCount "76"]
[EventDate "2016.06.04"]

1. e4 c6 2. d4 d5 3. Nc3 g6 4. h3 Bg7 5. Nf3 Nf6 6. e5 Ne4 7. Bd3 Nxc3 8. bxc3
c5 9. O-O b6 10. dxc5 bxc5 11. c4 Nc6 12. Bf4 Be6 13. Qe2 O-O 14. Rfd1 Qc8 15.
c3 d4 16. cxd4 Nxd4 17. Nxd4 cxd4 18. Be4 Bxc4 19. Qf3 Rb8 20. Rxd4 Be6 21. Ra4
Qd7 22. Qa3 Rfc8 23. Re1 Rc7 24. Bf3 Rc2 25. Rd1 Qe8 26. Rxa7 Rxa2 27. Qxe7
Qxe7 28. Rxe7 Ra4 29. Rb7 Rc8 30. Bg3 h5 31. h4 Ra5 32. Re1 Rcc5 33. Rb4 Bxe5
34. Bxe5 Rxe5 35. Rxe5 Rxe5 36. g3 Kg7 37. Kg2 Rf5 38. Ra4 Bd5 1/2-1/2

[Event "III Festival A"]
[Site "Ortisei - Sankt Ulrich in Groeden ITA"]
[Date "2016.06.06"]
[Round "4"]
[White "Neverov, Valeriy"]
[Black "Nabaty, Tamir"]
[WhiteElo "2507"]
[BlackElo "2610"]
[Result "0-1"]
[PlyCount "60"]
[EventDate "2016.06.04"]

1. c4 e6 2. Nc3 b6 3. d4 Bb7 4. a3 Nf6 5. Nf3 d5 6. cxd5 Nxd5 7. Qc2 Nxc3 8.
bxc3 Be7 9. e4 O-O 10. Bd3 c5 11. O-O cxd4 12. cxd4 Nd7 13. Bb2 Rc8 14. Qe2 Rc7
15. Rfe1 Re8 16. Rad1 Nf6 17. d5 exd5 18. exd5 Rf8 19. Ng5 h6 20. Bxf6 Bxf6 21.
Nh7 Bc3 22. Nxf8 Bxe1 23. Ne6 fxe6 24. Qxe6+ Kf8 25. d6 Bxf2+ 26. Kxf2 Rf7+ 27.
Kg1 Qg5 28. Be4 Qe3+ 29. Kh1 Qe2 30. Rg1 Qxe4 0-1